000 004810000a22001690004500
020 _a0-8164-2118-8
041 0 _aENG
082 0 4 _aG 261.8 B2624m
245 1 0 _aMale and female : Christian approaches to sexuality / Ruth Tiffany Barnhouse, Urban T. Holmes, Editores
260 _aNew York, USA : Crossroad
300 _a274 Pag
001 6912
942 _cBK
999 _c37160
_d37160
336 _atexto
_btxt
_2rdacontent
337 _2rdamedia
_asin mediación
_bn
338 _2rdacarrier
_avolumen
_bnc